Normal view
MARC view
- Williams, Bob
Entry Personal Name
001 - CONTROL NUMBER
- control field: 5378
003 - CONTROL NUMBER IDENTIFIER
- control field: NUST
005 - DATE AND TIME OF LATEST TRANSACTION
- control field: 20171012110146.0
008 - FIXED-LENGTH DATA ELEMENTS
- fixed length control field: 171012|| aca||aabn | a|a d
040 ## - CATALOGING SOURCE
- Original cataloging agency: NUST
- Transcribing agency: NUST
100 ## - HEADING--PERSONAL NAME
- Personal name: Williams, Bob
- Fuller form of name: (Robert B.)
670 ## - SOURCE DATA FOUND
- Source citation: Work cat.: (NUST)0: Williams, Bob (Robert B.), Greening the economy :, 2010.
